Responses for show #2046 - Monday, June 28, 1993

Contestants

David Harris, an editor and writer originally from Paramus, New Jersey

Lynn Kendall, a writer originally from Jackson, Pennsylvania

Jim Maher, a disc jockey from Phoenix, Arizona (whose 2-day cash winnings total $19,798)

[next game >>]

Jeopardy! Round responses

FAMOUS NAMES
CARTOONS
FOOD
SCIENCE
TRAVEL U.S.A.
COMPLETES THE PROVERB
    $100 9
Luciano

David
    $100 1
Tweety Bird (or Tweety Pie)

Jim
    $100 14
clams

Jim
    $100 6
(David: What is helium?)
...
(Alex: Yes, both of them very light.)

hydrogen

JimDavid
    $100 19
a roller coaster

Jim
    $100 22
spoil the broth

Lynn
    $200 10
the Conservative Party

Lynn
    $200 2
Woody Woodpecker

Jim
    $200 15
a sandwich

Jim
    $200 7
(Lynn: Uh, what are electric devices?)

batteries

JimLynn
    $200 20
Mammoth Cave

David
    $200 23
in the mouth

David
    $300 11
George Balanchine

David
    $300 3
Dudley Do-Right

David
    $300 18
red & golden

Jim
    $300 8
(Lynn: What is Pluto?)

the sea

Lynn
Triple Stumper
    $300 21
Dollywood

Jim
    $300 24
at home

David
    $400 12
the National Education Association

David
    $400 4
Acme

Jim
    $400 27
Russian dressing

Jim
    $400 16
Sputnik

Jim
    $400 29
Caesars Palace

David
    $400 25
until the fat lady sings

Lynn
    $500 13
Vichy

Lynn
    $500 5
Magilla Gorilla

Jim
    $500 28
paprika

David
    $500 17
spray cans

Lynn
    $1,000 30
(Jim: What is North Carolina?)

South Carolina

David
    $500 26
straw

Lynn

Scores at the first commercial break (after clue 15):

Jim Lynn David
$1,800 $200 $1,000

Scores at the end of the Jeopardy! Round:

Jim Lynn David
$3,300 $1,700 $1,600

Double Jeopardy! Round responses

AMERICAN HISTORY
GEMS & JEWELRY
BIBLICAL PEOPLE
AWARDS
WORLD GEOGRAPHY
POETS & POETRY
    $200 1
(Lynn: Uh, what is the 1849 California [*]?)
(Alex: [*]? All right. You changed the date on us, but that's okay. We're not going to accept it? We're not going to accept it, says our judge. Sorry about that, Lynn. And since we know it's the [*], uh, we cannot, uh, go to our other players for, uh, a response, so David, pick another, uh, category for us, or the same category and a different amount.)

gold strike

Lynn
Triple Stumper
    $200 6
a diamond

Lynn
    $200 11
Jonah

Lynn
    $200 14
Rocky

Jim
    $200 21
the Nile

David
    $200 26
Edgar Allan Poe

Lynn
    $400 2
John Jay

David
    $400 7
jade

Lynn
    $400 12
Pontius Pilate

David
    $400 15
Rodney Dangerfield

David
    $400 22
India

David
    $400 27
Sandburg

Lynn
    $600 3
(Lynn: Who is Coolidge?)

Hoover

LynnDavid
    $600 8
Scotland

Jim
    $600 13
Bathsheba

Jim
    $600 16
(Colin) Powell

Jim
    $600 23
the Irish Sea

Jim
    $600 28
the Walrus & the Carpenter

Lynn
    $800 4
the Scopes trial

David
    $800 9
sapphire

Lynn
    $1,000 19
Deborah

David
    $800 17
Steve Lawrence

David
    $800 24
Victoria

David
    $800 29
Casey Jones

Jim
    $1000 5
Spindletop

Jim
    $1000 10
the opal

Triple Stumper
    $1000 20
(Lynn: Who is Daniel?)

Abednego

Lynn
Triple Stumper
    $1000 18
Edward Teller

David
    $1000 25
Jutland

Jim
    $500 30
Tennyson

Jim

Scores at the end of the Double Jeopardy! Round:

Jim Lynn David
$9,200 $2,700 $8,400

[wagering suggestions for these scores]

Final Jeopardy! Round responses

GODS & GODDESSES
LynnWho is Mars?
$2,700
DavidWho was Jupiter
$2,999
JimWho is Jupiter
$9,199
Mars

Final scores:

Jim Lynn David
$1 $5,400 $5,401
3rd place: Swintec 2400 DM portable electronic display typewriter + Jeopardy! & Wheel of Fortune games for the Super Nintendo Entertainment System and the Sega Genesis system 2nd place: Technics digital mini-component stereo system + Ashley 5-piece bar display & entertainment cabinet New champion: $5,401

Game dynamics:

Coryat scores:

Jim Lynn David
$9,700 $2,700 $9,200
22 R
(including 1 DD),
0 W
13 R,
5 W
20 R
(including 1 DD),
2 W
(including 1 DD)

Combined Coryat: $21,600

The J! Archive is created by fans, for fans. Scraping, republication, monetization, and malicious use prohibited; this site may use cookies and collect identifying information. See terms. The Jeopardy! game show and all elements thereof, including but not limited to copyright and trademark thereto, are the property of Jeopardy Productions, Inc. and are protected under law. This website is not affiliated with, sponsored by, or operated by Jeopardy Productions, Inc. Join the discussion at JBoard.tv.